1896 1492 1988 1027 1039 1927 1396 1383 1310 1907 1130 1859 1512 1810 1760 1008 1634 1832 1211 1483 1974 1891 1268 1781 1130 1637 1829 1763 1479 1925 1338 1895 1434 1594 1584 1897 1486 1927 1062 1331 1396 1453 1463 1565 1790 1182 1423 1099 1802 1504 1770 1945 1188 1008 1579 1444 1307 1199 1114 1714 1254 1030 1973 1535 1824 1160 1439 1849 1976 1880 1196 1530 1221 1274 1493 1239 1884 1425 1400 1630 2000 1818 1896 1067 1523 1426 1270 1223 1686 1828 1485 1927 1337 1224 1311 1962 1645 1750 1445 BCNSPRNW ULIB Ver.6.0+V

เปลี่ยนเป็นภาษาไทย

Change to English
 แสดงรายละเอียดบรรณานุกรม
  กลับหน้าหลัก

Brief Record : Get Marc (ISO 2709) : E-mail record : QR code < ปิดหน้าต่าง
LEADER : 00000nam 2200000uu 4500
001    13399113833
003     ULIB
008    120110s||||||||th 000 0 tha d
099    วจ.HF5549^bก733ค
100 0  กุสุมาลี โพธิปัสสา
245 00 ผลการพัฒนาอาจารย์ของวิทยาลัยสังกัดกระทรวงสาธารณสุขโดยการศึกษาระดับปริญญาโท-เอก ต่างประเทศ/^cกุสุมาลี โพธิปัสสา,จุรีรัตน์ โตบุญพา และ เบญจพร ทิพยผลาผลกุล
260    นนทบุรี :^bสถาบันพระบรมราชชนก,^c2554
300    73 หน้า :^bตาราง
500    รายงานการวิจัย
650  7 การพัฒนาบุคลากร^xวิจัย
650  7 การจัดการศึกษา^xวิจัย
700 02 จุรีรัตน์ โตบุญพา
700 02 เบญจพร ทิพยผลาผลกุล
710    สถาบันพระบรมราชชนก
945    ^p0^l0^i030905
945    ^p0^l0^i030906
995    ทศพร
999 ^a ทศพร
รายการนี้ยังไม่มีแท็ก
คุณยังไม่ได้ล็อกอิน คุณสามารถมีกิจกรรมร่วมกับเว็บไซต์ได้ แต่ต้องล็อกอินก่อน ::
  ล็อกอิน

รายการสื่อสารสนเทศ

ลำดับที่ ประเภท เลขเรียก/บาร์โค้ด สถานที่ สถานะ
1. งานวิจัย
งานวิจัย
วจ.HF5549 ก733ค ฉ.1 
  Barcode: 030905
ห้องสมุดวิทยาเขตสวรรค์ประชารักษ์
►วิจัย
บนชั้น
2. งานวิจัย
งานวิจัย
วจ.HF5549 ก733ค ฉ.2 
  Barcode: 030906
ห้องสมุดวิทยาเขตสวรรค์ประชารักษ์
►วิจัย
บนชั้น

BibComment


ยังไม่เคยถูกคอมเมนท์

คอมเมนท์ทรัพยากรรายการนี้
  คอมเมนท์: ผลการพัฒนาอาจารย์..


 Copyright 2026. Bcnsprnw @Library